Statystyki dla Wszyscy członkowie hotelu mafija 3

Kliknij tutaj aby rozwiązać quiz!

Ogólne statystyki

  • Ten quiz został rozwiązany 55 razy
  • Średni wynik to 26 z 42

Statystyki odpowiedzi

Odpowiedź% Poprawnych
Białas
95%
Bedoes 2115
92%
Solar
92%
White 2115
90%
Mata
87%
Nypel
85%
Jacuś
82%
Żabson
82%
Lanek
79%
Blacha 2115
77%
Fukaj
77%
Kinny Zimmer
77%
Tomb
77%
Bambi
74%
Kuqe 2115
74%
Sokół
74%
Janusz Walczuk
72%
Beteo
69%
Szpaku
67%
Michał Anioł
64%
po prostu Kajtek
62%
Szaran
62%
Bryan
59%
Flexxy 2115
59%
Bandura
56%
Dzinold
56%
Slowez
56%
chivas
54%
Deys
49%
Koldi
49%
Maciej Kacperczyk
46%
Mario
46%
Bonson
44%
Adi Nowak
41%
WoLa
41%
Szczepan
38%
Tadeo
38%
Paweł Kacperczyk
36%
Danny
33%
Wac Toja
33%
Flory
26%
Lucassi
5%

Rozkład punktacji

Percentyl według liczby udzielonych odpowiedzi

Procent ludzi z każdym wynikiem

Twoja historia wyników

Nie rozwiązałeś tego quizu